000 00338nam a2200133 a 4500
005 20140414131922.0
008 101023s19uu xx 00 eng d
050 _aER
_bP16 2006
100 _aVelasquez, Crystal
245 _aPaint the town.
260 _bScholastic ,
_c2006.
_aNew York :
440 _aMaya and Miguel
999 _c111801
_d111801